| 000 -LEADER |
| fixed length control field |
00681nam a22002177a 4500 |
| 008 - FIXED-LENGTH DATA ELEMENTS--GENERAL INFORMATION |
| fixed length control field |
131107b xxu||||| |||| 00| 0 eng d |
| 020 ## - INTERNATIONAL STANDARD BOOK NUMBER |
| International Standard Book Number |
0387180664 |
| 041 0# - LANGUAGE CODE |
| Language code of text/sound track or separate title |
ger |
| 080 ## - UNIVERSAL DECIMAL CLASSIFICATION NUMBER |
| Universal Decimal Classification number |
331 : 32 |
| 100 ## - Rafti |
| Rafti |
Henn, Rudolf |
| 245 00 - TITLE STATEMENT |
| Title |
Technologie, Wachstum und Beschäftigung : |
| Statement of responsibility, etc |
herausgegeben Rudolf Henn. |
| 260 ## - |
| -- |
Berlin ; |
| -- |
New York : |
| -- |
Springer-Verlag, |
| -- |
c1987. |
| 300 ## - |
| -- |
1047 f. : |
| -- |
me il. ; |
| -- |
25 cm. |
| 500 ## - |
| -- |
Autorenverzeichnis = [Fjalor i autorëve] : 1041 - 1045 |
| 650 #0 - |
| -- |
Teknologji |
| -- |
Kongreset |
| 650 #0 - |
| -- |
Punësimi |
| 650 #0 - |
| -- |
Politika |
| 700 ## - |
| -- |
Späth, Lothar, |
| 700 ## - |
| -- |
Henn, Rudolf. |
| 942 ## - ADDED ENTRY ELEMENTS (KOHA) |
| Source of classification or shelving scheme |
|
| Item type |
Books |